Đêm trong truyện nổi tiếng của các nhà văn nổi tiếng Thế giới

Na minha lista:
Detalhes bibliográficos
Formato: Livro
Publicado em: 2007
Tags: Adicionar Tag
Sem tags, seja o primeiro a adicionar uma tag!
Thư viện lưu trữ: Mạng thư viện Đại học Đà Nẵng
LEADER 00492nam a22001811a 4500
001 000040780
003 17075
005 20160412023356.0
008 160412s2007 000
082 |a N23158-60 
245 |a Đêm trong truyện nổi tiếng của các nhà văn nổi tiếng Thế giới  |c Hội nhà văn 
260 |c 2007 
OWN |a LNN 
999 |a From the UDN01 
TYP |a Monograph 
980 |a Mạng thư viện Đại học Đà Nẵng